[Event "Canberra"]
[Site "Canberra"]
[Date "2012.04.05"]
[Round "?"]
[White "Sukandar, I."]
[Black "Stojic, S."]
[Result "1-0"]
[WhiteElo "2349"]
[BlackElo "2011"]
[PlyCount "67"]
[EventDate "2012.??.??"]
[SourceDate "2006.11.24"]

1. e4 c5 2. Nf3 d6 3. d4 cxd4 4. Qxd4 Nc6 5. Bb5 Bd7 6. Bxc6 Bxc6 7. Nc3 Nf6 8.
Bg5 e6 9. O-O-O Be7 10. Qd3 O-O 11. Nd4 Qa5 12. f4 Bd7 $2 13. Nb3 Qd8 14. e5
Ne8 15. Bxe7 Qxe7 16. exd6 $16 {Winning a pawn.} Qf6 17. Rhf1 Rd8 18. Nc5 Bc6
19. d7 Nc7 20. Qd6 Nd5 21. Nxd5 Bxd5 22. g3 b6 23. Nd3 a5 24. Ne5 b5 25. Kb1 b4
26. f5 Qh6 27. f6 g6 28. Qe7 Qxh2 29. Nxf7 Rxd7 30. Qxd7 Rxf7 31. Qd8+ Rf8 32.
f7+ Kg7 33. Qf6+ Kh6 34. Rd4 1-0

[Event "Chinese Teams"]
[Site "Taizhou"]
[Date "2014.11.15"]
[Round "?"]
[White "Ma Qun"]
[Black "Wang Hao"]
[Result "1/2-1/2"]
[WhiteElo "2621"]
[BlackElo "2710"]
[PlyCount "91"]
[EventDate "2014.??.??"]
[SourceDate "2006.11.24"]

1. e4 c5 2. Nf3 d6 3. d4 cxd4 4. Qxd4 Nc6 5. Bb5 Bd7 6. Bxc6 Bxc6 7. Nc3 Nf6 8.
Bg5 e6 9. O-O-O Be7 10. Qd3 O-O 11. Nd4 Qa5 12. h4 Rfc8 13. f4 Bd7 $2 14. Nb3
Qb4 15. a3 Qc4 16. e5 Nd5 17. Nxd5 (17. Bxe7 $16) 17... exd5 18. Bxe7 Qxf4+ 19.
Rd2 Bf5 20. Bg5 Qg4 21. Qxd5 (21. Qf3 $16) 21... Be4 22. Qd4 Bxc2 23. Qxg4 Bf5+
24. Rc2 (24. Kd1 $16) 24... Rxc2+ 25. Kd1 Bxg4+ 26. Kxc2 dxe5 27. Rc1 f6 28.
Be3 b6 29. Kd2 Rd8+ 30. Ke1 h6 31. Nd2 Kf7 32. Kf2 Rc8 33. Nc4 Ke6 34. a4 g5
35. hxg5 hxg5 36. a5 bxa5 37. b3 a4 38. b4 a6 39. Bc5 Rd8 40. Ra1 Bd1 41. Nb2
Rd2+ 42. Ke1 Rxb2 43. Kxd1 Rxg2 44. Rxa4 f5 45. Rxa6+ Kd5 46. Rd6+ 1/2-1/2

[Event "Sabadell, Spain"]
[Site "Sabadell, Spain"]
[Date "2010.05.20"]
[Round "?"]
[White "Magem Badals, J."]
[Black "Alonso Rosell, A."]
[Result "1-0"]
[WhiteElo "2585"]
[BlackElo "2507"]
[PlyCount "57"]
[EventDate "2010.??.??"]
[SourceDate "2006.11.24"]

1. e4 c5 2. Nf3 d6 3. d4 Nf6 4. Nc3 cxd4 5. Qxd4 Nc6 6. Bb5 Bd7 7. Bxc6 Bxc6 8.
Bg5 e6 9. O-O-O Be7 10. Qd3 O-O 11. Nd4 Qa5 12. h4 Rfc8 13. f4 b5 $4 14. e5 {
Opening up lines to h7, meaning Black can never play Bxg5 and therefore will
lose material.} b4 (14... dxe5 15. fxe5 Nd5 16. Nxc6 Rxc6 17. Nxd5 Bxg5+ 18.
hxg5 exd5 19. Qxh7+ $18) 15. Nxc6 (15. Nb3 $1 Qb6 (15... Qc7 16. exf6 bxc3 17.
fxe7 f6 18. Bxf6 gxf6 19. Qxc3) 16. exf6 gxf6 (16... bxc3 17. fxe7 f6 18. Bxf6
gxf6 19. Rhe1) 17. Bh6 Kh8 18. Ne4) 15... Rxc6 16. exf6 gxf6 $2 (16... bxc3 $1
17. fxe7 f6) 17. Ne4 $6 {Clearer is} (17. Bh6 $1 Qh5 18. Qg3+ Qg6 19. Ne4)
17... fxg5 $2 (17... Kg7 18. Ng3) 18. hxg5 {White's attack was decisive} b3 19.
Nc3 Kf8 20. Rxh7 Ke8 21. axb3 Qa1+ 22. Nb1 Rac8 23. Rd2 Qa5 24. g3 d5 25. g6
fxg6 26. Qxg6+ Kd7 27. c3 Qb4 28. f5 Qe4 29. Rxe7+ 1-0

[Event "2nd JAHV McGregor Open"]
[Site "Bogota"]
[Date "2011.??.??"]
[Round "?"]
[White "Macieja, B."]
[Black "Perez Olarte, C."]
[Result "1-0"]
[WhiteElo "2616"]
[BlackElo "2246"]
[PlyCount "51"]
[EventDate "2011.??.??"]
[SourceDate "2006.11.24"]

1. e4 c5 2. Nf3 d6 3. d4 cxd4 4. Qxd4 a6 5. c4 Nc6 6. Qe3 Nf6 7. h3 g6 8. Be2
Bg7 9. O-O O-O 10. Nc3 Nd7 11. Rb1 Nc5 $6 {
This is the move that White's last move was aimed to prevent.} 12. b4 Bxc3 13.
Qxc3 Nxe4 {This is a common idea in this opening: Often White is prepared to
sacrifice his e pawn in return for Black exchanging his dark squared bishop
for the knight on c3.} 14. Qe3 Nf6 15. Bb2 Bf5 16. Rbd1 Nxb4 17. g4 Bd7 18. g5
Nh5 19. Qc3 {Winning material} e5 20. Rxd6 Nc6 21. Nxe5 Qxg5+ 22. Ng4 f6 23.
Bc1 Nf4 24. Bxf4 Qxf4 25. Rxd7 h5 26. Qe3 1-0

[Event "New Zealand Open 2015"]
[Site "Devonport, Auckland"]
[Date "2015.01.01"]
[Round "1.38"]
[White "Forster, Bill"]
[Black "Turner, Justin"]
[Result "0-1"]
[WhiteElo "2081"]
[BlackElo "1434"]
[PlyCount "40"]
[EventDate "2015.??.??"]
[SourceDate "2006.11.24"]

1. Nf3 Nf6 2. b3 e6 3. Bb2 Bc5 4. d4 Bb6 5. e3 d5 6. Bd3 O-O 7. Nbd2 c5 8. O-O
cxd4 9. Nxd4 e5 10. Nb5 a6 11. Na3 Nc6 12. Be2 Bf5 13. c4 d4 14. exd4 Bxd4 15.
Bxd4 exd4 16. Re1 Qa5 17. Qc1 Nb4 18. Qb2 {Diagram #Black has outplayed his
opponent completely, he now took his time and found an elegant winning shot.}
Nc2 $1 {Winning a piece.} 19. b4 $4 {Missing an ideal opportunity to resign
with dignity either immediately or after allowing Black to demonstrate the
logical continuation} (19. Nxc2 Qxd2 20. Rac1 d3 {
Instead I choose the hyper-accelerated-meltdown variation.}) 19... Qxa3 20.
Rab1 $4 Qxb2 {Now I noticed a rook is falling off as well.} 0-1

[Event "New Zealand Open Ch'p 2015"]
[Site "Devonport, Auckland"]
[Date "2015.01.02"]
[Round "2.26"]
[White "Duneas, John"]
[Black "McNabb, Matthew D"]
[Result "1/2-1/2"]
[WhiteElo "2054"]
[BlackElo "2069"]
[PlyCount "84"]
[EventDate "2015.01.01"]
[EventType "swiss"]
[EventRounds "9"]
[SourceDate "2006.11.24"]

1. d4 Nf6 2. c4 g6 3. Nc3 Bg7 4. e4 d6 5. Be2 O-O 6. Nf3 e5 7. O-O Nc6 8. d5
Ne7 9. Ne1 Nd7 10. Nd3 f5 11. Bd2 c5 12. a3 Nf6 13. f3 b6 14. b4 Ne8 15. a4 Bd7
16. Qb3 Rb8 17. Rfb1 cxb4 18. Nxb4 Qc8 19. Nd3 fxe4 20. fxe4 Nf6 21. Qb4 Qc7
22. Nb5 Bxb5 23. cxb5 Rfc8 24. Rc1 Qd7 25. h3 h5 26. Be3 Kh7 27. Bg5 {
Diagram # Black tries an interesting but dubious piece sacrifice to obtain a
powerful centralduo} Nexd5 $6 28. exd5 Nxd5 29. Qb3 Qf5 30. Bd2 Ne7 31. Nb4 d5
32. Na6 Rxc1+ 33. Rxc1 Rd8 34. Bb4 Ng8 35. Nc7 e4 36. Rd1 d4 37. Ne6 d3 {
Diagram # The pawns are looking scary but White should prevail easily} 38. Nxd8
$2 (38. Bxh5 $1 Qxh5 39. Nxd8) 38... dxe2 {
Black is a rook down but pressure on the d4 and f1 squares secures a draw} 39.
Re1 Bd4+ 40. Kh2 Be5+ 41. Kg1 Bd4+ 42. Kh2 Be5+ 1/2-1/2

[Event "Auckland"]
[Site "122nd ch NZ"]
[Date "2015.01.03"]
[Round "3.11"]
[White "Van Riemsdijk, Herman Claudius"]
[Black "Schmitz, Andreas Arnold"]
[Result "1-0"]
[WhiteElo "2356"]
[BlackElo "2066"]
[PlyCount "77"]
[EventDate "2015.01.??"]
[EventType "swiss"]
[EventRounds "9"]
[EventCountry "NZL"]
[SourceDate "2006.11.24"]

{Notes by Herman van Riemsdijk} 1. e4 e6 2. d4 d5 3. Nc3 Bb4 4. e5 c5 5. a3
Bxc3+ 6. bxc3 Qc7 7. Qg4 f5 8. Qh5+ g6 9. Qd1 Bd7 10. Nf3 Ba4 11. Rb1 {
Diagram # An interesting idea trying to stop 11...cxd4} cxd4 12. Rb4 $1 Qxc3+ {
Heading into trouble. 12...Bd7 would be more sensible} 13. Bd2 Qxa3 14. Nxd4
Nc6 15. Bb5 $1 Bxb5 16. Nxb5 Qa2 17. Nd6+ Kf8 18. Rxb7 Nce7 (18... Nge7 19.
Bh6+ Kg8 20. O-O $16) 19. O-O h6 20. Qe2 (20. Bc3 {is better}) 20... Rh7 21. h4
Kg7 22. g3 Kh8 23. Rfb1 Qxc2 24. Rc1 Qa4 25. Rcc7 a5 26. Bf4 Qa1+ 27. Kg2 {
Diagram # (Ed: A position only a French addict could love)} g5 $6 (27... Qd4 {
and white has still to do a lot of work}) 28. hxg5 hxg5 29. Rc1 Qd4 30. Bxg5
Qg4 31. Qxg4 fxg4 32. Rcc7 a4 33. Bf6+ Nxf6 34. exf6 a3 35. fxe7 a2 36. e8=Q+
Rxe8 37. Rxh7+ Kg8 38. Rbg7+ Kf8 39. Rxg4 1-0

[Event "New Zealand Open Ch'p 2015"]
[Site "Devonport, Auckland"]
[Date "2015.01.03"]
[Round "3.16"]
[White "Krstev, Antonio"]
[Black "Lauterbach, Ingrid"]
[Result "1-0"]
[WhiteElo "2012"]
[BlackElo "2089"]
[PlyCount "69"]
[EventDate "2015.01.01"]
[EventType "swiss"]
[EventRounds "9"]
[SourceDate "2006.11.24"]

1. d4 d6 2. c4 e5 3. Nf3 e4 4. Nfd2 f5 5. e3 Nf6 6. Nc3 g6 7. f3 exf3 8. Nxf3
Bg7 9. Bd3 O-O 10. O-O c6 11. Bd2 Re8 12. Qc2 Qe7 13. Rae1 Ne4 14. Re2 Nd7 15.
b4 Ndf6 16. a4 Bd7 17. c5 Nxd2 18. Nxd2 d5 19. Nd1 Bh6 20. Rf3 Qg7 21. Nf1 Ng4
22. Qa2 {Diagram # The scene is set for some bewildering complications} Nxe3 $5
{This looks to be decisive as Black gets two pawns immediately and seems to
get the piece back as well.} 23. Ndxe3 Qxd4 24. Qc2 ({
The computer keeps the piece cleverly, keeping White in the game} 24. Qb2 $1
Qxd3 25. Ng4 {winning back a piece since if} Qxe2 $4 26. Nxh6+ Kf8 27. Qf6# {
mate!}) 24... f4 25. Bxg6 hxg6 26. Qxg6+ {Diagram #} Bg7 $2 {
This lets White back into the game} ({Again the silicon oracle reveals how to
keep material safely via tactical wizardry. After} 26... Qg7 $1 27. Qd3 Qh7 ({
not} 27... fxe3 $2 28. Rg3) 28. Nxd5 Qxd3 29. Rxe8+ Bxe8 $1 30. Nf6+ Kf7 31.
Rxd3 Kxf6 {Black emerges a safe piece up}) 27. Qd6 $1 Rxe3 28. Nxe3 fxe3 29.
Qxd7 Qd1+ 30. Rf1 Qxe2 {
Diagram # Surely the dust has settled and Black is a sound piece up?} 31. Qe6+
{No, White has a perpetual in hand} Kh7 32. Qh3+ Bh6 $2 {
Which Black unwisely tries to avoid} 33. Rf7+ $1 Kg8 34. Qe6 $1 {
Now even checks are met by a devastating discovered check} Qd3 35. Re7+ 1-0

[Event "New Zealand Open Ch'p 2015"]
[Site "Devonport, Auckland"]
[Date "2015.01.03"]
[Round "3.17"]
[White "McNabb, Matthew D"]
[Black "Louie, Ryan"]
[Result "1-0"]
[WhiteElo "2069"]
[BlackElo "1927"]
[PlyCount "53"]
[EventDate "2015.01.01"]
[EventType "swiss"]
[EventRounds "9"]
[SourceDate "2006.11.24"]

1. d4 Nf6 2. c4 g6 3. Nc3 d5 4. cxd5 Nxd5 5. Bd2 Bg7 6. e4 Nb6 7. Be3 O-O 8. a4
a5 9. g4 Nc6 10. Nb5 Nb4 11. Rc1 c6 12. Nc3 f5 13. gxf5 gxf5 14. Nh3 fxe4 15.
Rg1 Bxh3 16. Bxh3 Nd3+ 17. Kf1 {
Diagram # Another complicated position full of interest} Nd5 $2 {
Allowing White to hit first} ({Natural and strong is} 17... Nxf2 18. Bxf2 e3)
18. Be6+ Kh8 19. Nxd5 cxd5 20. Qg4 Rxf2+ {
Trying to keep active, but this costs too much material} 21. Bxf2 Qf8 22. Rc2
Bh6 ({if} 22... e3 23. Qxg7+ $1 Qxg7 24. Rxg7 Kxg7 25. Bxe3 {
and there is no more excitement, just a piece extra for White in the ending})
23. Qf5 Qe8 24. Rg8+ Qxg8 25. Bxg8 Rxg8 26. Bg3 Rf8 {
Is this a miracle comeback?} 27. Rc8 {No} 1-0

[Event "New Zealand Open Ch'p 2015"]
[Site "Devonport, Auckland"]
[Date "2015.01.03"]
[Round "3.18"]
[White "Lee, Edward"]
[Black "Duneas, John"]
[Result "1/2-1/2"]
[WhiteElo "2061"]
[BlackElo "2054"]
[PlyCount "92"]
[EventDate "2015.01.01"]
[EventType "swiss"]
[EventRounds "9"]
[SourceDate "2006.11.24"]

1. e4 e6 2. d4 d5 3. Nc3 Nf6 4. Bg5 Be7 5. Bxf6 Bxf6 6. e5 Be7 7. Qg4 g6 8. Bd3
c5 9. dxc5 Nc6 10. Nf3 Qa5 11. h4 h5 12. Qf4 Qxc5 13. O-O-O Qb4 14. Qd2 Bd7 15.
a3 Qa5 16. Qf4 Bxa3 17. Qf6 Rf8 18. Nb5 Be7 19. Nd6+ Bxd6 20. exd6 Qc5 21. Bxg6
fxg6 22. Qxg6+ Kd8 23. Ng5 Re8 24. Qxh5 Kc8 25. Qg6 Qxd6 26. h5 Qf4+ 27. Kb1
Ne7 28. Qg7 Rg8 29. Qc3+ Nc6 30. Nf3 Kc7 31. h6 Rh8 32. Rh4 Qf7 33. Rdh1 Raf8
34. h7 Qf6 35. Qe3 Rf7 36. Rh6 Qf4 {Diagram # White has played much of the
middlegame with a piece deficit but a compelling plan. Promote the 'h' pawn!}
37. Ng5 $6 {This pushes his luck a little far} Qxe3 38. Nxf7 Qd2 39. Nxh8 Nb4
$1 {Black gets to fire some shots, just in time} 40. Ng6 Qxc2+ 41. Ka1 Qa4+ 42.
Kb1 {Diagram # Is White happy to draw?} e5 $1 {
No! This settles matters by blocking any new Queen from defence of b2} 43. Rc1+
Nc6 $4 {Of course 42...e5 also threatened to add the bishop to the attack and
Black doesn't want to give up on that. Nevertheless} (43... Bc6 $1 {was the rig
ht move [it doesn't lose a tempo because moving the Rook to c1 costs White an
equivalent tempo since its unfortunate location means White is now threatened
by immediate mate] and the Queen and Knight will give mate. eg} 44. Rch1 Qc2+
45. Ka1 Nd3 46. Rb1 Qa4#) 44. Ne7 $1 {
Now Black only has the queen left to attack with, just enough to draw.} Qe4+
45. Ka1 Qa4+ 46. Kb1 Qe4+ 1/2-1/2

[Event "New Zealand Open Ch'p 2015"]
[Site "Devonport, Auckland"]
[Date "2015.01.03"]
[Round "3.26"]
[White "Zhang, Leo"]
[Black "Gunawan, Boy Reinhard"]
[Result "1-0"]
[WhiteElo "1908"]
[BlackElo "1980"]
[PlyCount "113"]
[EventDate "2015.01.01"]
[EventType "swiss"]
[EventRounds "9"]
[SourceDate "2006.11.24"]

1. d4 d5 2. c4 e6 3. Nc3 Nf6 4. cxd5 Nxd5 5. e4 Nf6 6. Nf3 h6 7. Bc4 c6 8. O-O
Be7 9. h3 b5 10. Bd3 a6 11. Be3 Nbd7 12. Qc2 Bb7 13. e5 Nd5 14. Nxd5 cxd5 15.
Nh2 Nb6 16. f4 Nc4 17. Bf2 Rc8 18. Qe2 g6 19. b3 Nb6 20. Qg4 h5 21. Qg3 b4 22.
Bxg6 Rg8 23. Bxf7+ Kxf7 24. Qf3 Ke8 25. f5 exf5 26. Qxh5+ Kd7 27. Rac1 Bc6 28.
Qxf5+ Kc7 29. Ng4 Kb7 30. Be3 Bd7 31. e6 Bb5 32. Rfe1 Rf8 33. Qh7 Rh8 34. Qb1
Bh4 35. Bf2 Bxf2+ 36. Nxf2 Rxc1 37. Qxc1 Qf6 38. Qe3 Re8 39. Ng4 Qg6 40. Qe5 {
Diagram #} Bd7 $5 {Seems reasonable - the pawn is pinned right?} 41. exd7 $6 {
Perhaps, but the White decides he doesn't really need his Queen.} Rxe5 42. Nxe5
Qd6 43. Rf1 Na8 {Initiating a too-slow regrouping. This move illustrates
nicely Black's problem - objectively he is okay, but his pieces are stepping
on each other's toes while White's smaller force is beautifully co-ordinated
and he has an obvious plan.} (43... Nc4 {is a clever computer resource that
would throw something of a spanner in the works}) 44. h4 $1 Nc7 45. Rf7 {
Already Black's position is beyond salvation.} Kb6 46. h5 Ne6 47. h6 Nd8 {
Diagram #} 48. h7 $1 {Anyway!} Nxf7 49. Nxf7 Qxd7 50. h8=Q Qxf7 51. Qb8+ {
White gets to go first, and together with his extra pawn this is more than
sufficient.} Ka5 52. Qd6 Qb7 53. Qc5+ Qb5 54. Qxb5+ Kxb5 55. Kf2 Kc6 56. Kf3
Kd6 57. Kf4 1-0

[Event "New Zealand Open Ch'p 2015"]
[Site "Devonport, Auckland"]
[Date "2015.01.03"]
[Round "3.44"]
[White "Picken, Oliver"]
[Black "Cooper, Nigel M"]
[Result "0-1"]
[WhiteElo "1505"]
[BlackElo "1714"]
[PlyCount "56"]
[EventDate "2015.01.01"]
[EventType "swiss"]
[EventRounds "9"]
[SourceDate "2006.11.24"]

1. e4 b6 2. d4 Bb7 3. Bd3 f5 $6 {Nigel Davies in "Gambiteer 1": "If 3...e6 was
quite a good move, and 3...Nf6 bad, then this one is the ugly". Davies gives
the move a ? and claims essentially a forced win for White. However another
point of view is that this sort of thing is great fun and isn't what the game
should be about at amateur level? I think Nigel Cooper deserves credit for
playing a variety of interesting openings in this tournament.} 4. exf5 Bxg2 5.
Qh5+ g6 6. fxg6 Bg7 7. gxh7+ {
The most common and according to the computer the best move} ({
Davies claims the obscure} 7. Qf5 {
is winning and quotes Jansen-Salil Correspondence 1990}) 7... Kf8 8. hxg8=Q+ {
Also the most common move, although now the computer recommends} (8. Nf3 $1 {
as winning, and this move does indeed score very heavily in the database}) 8...
Kxg8 9. Qg4 Bxh1 10. h3 {The first new move} e6 11. Bg5 Qf8 12. f4 Nc6 {
Diagram # A charmingly chaotic situation} 13. f5 $2 {
Premature, Black now takes over completely} exf5 14. Bc4+ $2 d5 15. Qg3 dxc4
16. Nc3 Re8+ 17. Kd2 Nxd4 18. Nd5 Bxd5 19. Rd1 Qd6 20. Bf4 Qb4+ 21. Qc3 Qxc3+
22. bxc3 Nb5 23. Kc1 Nxc3 24. Rd2 Nxa2+ 25. Kb1 Nc3+ 26. Kc1 Re1+ 27. Kb2 Ne4+
28. c3 Bxc3+ 0-1

[Event "New Zealand Open Ch'p 2015"]
[Site "Devonport, Auckland"]
[Date "2015.01.06"]
[Round "6.21"]
[White "Turner, Justin"]
[Black "Fuatai, Fuatai"]
[Result "0-1"]
[WhiteElo "1434"]
[BlackElo "2004"]
[PlyCount "54"]
[EventDate "2015.01.01"]
[EventType "swiss"]
[EventRounds "9"]
[SourceDate "2006.11.24"]

1. e4 e5 2. Nf3 Nc6 3. Bc4 Nf6 4. Ng5 Bc5 $5 {
The Wilkes-Barre or Traxler Variation, a minefield for the unwary.} 5. Bxf7+ {
Both captures on f7 are possible} Ke7 6. Bd5 d6 7. h3 $5 (7. c3 $1 {
Has scored very well in this positon}) 7... Rf8 8. f4 Nxd5 9. exd5 Nb4 10. d4
Bb6 11. Ne6 Bxe6 12. dxe6 exd4 13. f5 Rxf5 14. Qg4 Qf8 15. Bg5+ {Diagram #}
Kxe6 $1 {Black's king is the hero of this game} 16. Kd1 h5 17. Re1+ Kd7 18.
Re7+ Qxe7 19. Qxf5+ Qe6 20. Qb5+ Nc6 21. Qf1 Re8 22. Nd2 Nb4 23. a4 Nd5 24. Ra3
Ne3+ {Diagram # Centralisation wins the day} 25. Bxe3 dxe3 26. Ne4 Qxe4 27.
Qf7+ Re7 0-1

[Event "New Zealand Open Ch'p 2015"]
[Site "Devonport, Auckland"]
[Date "2015.01.03"]
[Round "3.48"]
[White "Holdaway, Steven"]
[Black "Brockway, Andrew"]
[Result "1/2-1/2"]
[WhiteElo "1387"]
[BlackElo "1727"]
[PlyCount "58"]
[EventDate "2015.01.01"]
[EventType "swiss"]
[EventRounds "9"]
[SourceDate "2006.11.24"]

1. Nf3 c5 2. g3 Nc6 3. Bg2 g6 4. e4 Bg7 5. O-O Nf6 6. d3 O-O 7. Nbd2 d6 8. Re1
Bd7 9. Nf1 Ng4 10. h3 Nf6 11. Bf4 e5 12. Bg5 h6 13. Be3 Kh7 14. N1h2 Ne8 15.
Qd2 Nd4 16. c3 Nxf3+ 17. Nxf3 Qc8 18. Kh2 f5 19. exf5 gxf5 20. Nh4 Nf6 21. f4
Qc7 22. fxe5 dxe5 23. Qf2 f4 24. gxf4 exf4 25. Kg1 fxe3 26. Rxe3 Ng4 {
Diagram # Black should win} 27. Be4+ Kg8 28. Bd5+ Kh7 $2 ({
There is no need to fear} 28... Kh8 $1 29. Ng6+ Kh7 30. Nxf8+ Rxf8 {
and Black is still winning material}) 29. Be4+ Kg8 1/2-1/2

[Event "New Zealand Open Ch'p 2015"]
[Site "Devonport, Auckland"]
[Date "2015.01.04"]
[Round "4.9"]
[White "Zelesco, Karl"]
[Black "Smith, Robert W"]
[Result "1-0"]
[WhiteElo "2210"]
[BlackElo "2233"]
[PlyCount "57"]
[EventDate "2015.01.01"]
[EventType "swiss"]
[EventRounds "9"]
[SourceDate "2006.11.24"]

{The young Australian Karl Zelesco had a great tournament, cutting a swathe
through the great and the good of NZ chess.} 1. e4 c5 2. a3 $5 {
An early departure from routine} Nf6 3. e5 Nd5 4. Nc3 Nxc3 5. dxc3 d5 6. exd6
Qxd6 7. Qe2 e6 8. g3 Bd7 9. Bf4 Qb6 10. O-O-O {Diagram # Signalling aggressive
intent. Queenside castling usually signals a race, a surprisingly one-sided
one on this occasion} Bc6 11. Nf3 Be7 12. h4 Nd7 13. Bh3 O-O 14. h5 Rad8 15.
Rhe1 Nf6 16. Rxd8 Rxd8 17. Ne5 Be8 18. g4 {Having established a firm grip on
the centre, White's pawns advance with gain of time - on the other wing Black
never gets close to firing a shot} h6 19. g5 hxg5 20. Bxg5 Qd6 21. Rg1 Nd7 22.
Bxe7 Qxe7 23. Nxd7 Qxd7 24. h6 $1 {Diagram # The decisive breach} Qd5 (24... g6
$2 {allows} 25. Rxg6+ $1 {and wins}) 25. Rxg7+ Kh8 26. Rg1 Bc6 27. f4 Qe4 28.
Qg4 Qh7 29. Qg5 1-0

[Event "New Zealand Open Ch'p 2015"]
[Site "Devonport, Auckland"]
[Date "2015.01.04"]
[Round "4.17"]
[White "Timergazi, Layla"]
[Black "Vincenti, David"]
[Result "1-0"]
[WhiteElo "1932"]
[BlackElo "2106"]
[PlyCount "79"]
[EventDate "2015.01.01"]
[EventType "swiss"]
[EventRounds "9"]
[SourceDate "2006.11.24"]

1. d4 f5 2. g3 e6 3. Bg2 Nf6 4. c4 c6 5. Nf3 d5 6. b3 Bb4+ 7. Bd2 Bd6 8. Nc3
O-O 9. O-O Ne4 10. Qc2 Nxd2 11. Nxd2 Nd7 12. a3 Nf6 13. b4 Ne4 14. Ndxe4 fxe4
15. c5 Bc7 16. f3 exf3 17. Rxf3 Rxf3 18. Bxf3 e5 19. Qd2 exd4 20. Qxd4 Qg5 21.
e4 Be5 22. Qd3 Qf6 23. Rc1 Bh3 24. exd5 Rf8 25. dxc6 bxc6 26. Kf2 Rd8 27. Qc4+
Be6 28. Qe2 Bxc3 29. Rxc3 Qxc3 30. Qxe6+ Kh8 31. Qe7 Rd2+ 32. Be2 Qf6+ 33. Qxf6
gxf6 {Diagram # Black has won exchange for pawn and seems to be in fine shape
for the ending, but all is not as it seems} 34. Ke3 Ra2 35. b5 $1 Rxa3+ 36. Kd4
cxb5 $2 ({Black can and should take a draw} 36... Ra4+ 37. Ke3 Ra3+ {
with a repetition}) 37. Bxb5 {
That old familiar sinking feeling - how do I stop this pawn? Sadly you don't}
Ra2 38. c6 Rd2+ 39. Bd3 $1 Rd1 40. c7 1-0

[Event "New Zealand Open Ch'p 2015"]
[Site "Devonport, Auckland"]
[Date "2015.01.08"]
[Round "8.24"]
[White "Zhu, Karl Kai"]
[Black "Milligan, Helen"]
[Result "0-1"]
[WhiteElo "1689"]
[BlackElo "1968"]
[PlyCount "130"]
[EventDate "2015.01.01"]
[EventType "swiss"]
[EventRounds "9"]
[SourceDate "2006.11.24"]

1. e4 e5 2. Nf3 Nc6 3. d4 exd4 4. Nxd4 Bc5 5. Be3 Qf6 6. c3 Nge7 7. Bc4 b6 8.
a3 Ne5 9. Nd2 Nxc4 10. Nxc4 Ba6 11. Nd2 Nc6 12. b4 Bxd4 13. cxd4 Nxd4 14. Rc1
Ne6 15. Nc4 Bb7 16. f3 O-O 17. Qxd7 Rfd8 18. Qb5 Nd4 19. Qe5 Qxe5 20. Nxe5 Rac8
21. Kf2 f6 22. Bxd4 Rxd4 23. Nc6 Bxc6 24. Rxc6 Rd2+ 25. Kg3 Ra2 26. Rhc1 Rxa3
27. Rxc7 Rxc7 28. Rxc7 a5 29. bxa5 bxa5 30. Ra7 Ra2 31. f4 a4 32. h3 a3 33. Kf3
Ra1 34. Ke2 h5 35. Kf2 a2 36. e5 fxe5 37. fxe5 Kf8 38. e6 g6 39. Kg3 Ke8 40.
Kf2 h4 41. e7 g5 42. Ra8+ Kxe7 43. Ra7+ Kd6 44. Ra6+ Kc5 45. Ra8 g4 46. hxg4 {
Diagram # This position from later in the tournament is a nice counterpoint to
the previous position. A key idea in these positions is that g2 and h2 are
inherently safe squares for the White king. On other ranks Black gets a rook
check giving time to queen. And on f2,e2 or d2 Black has a skewer trick as
demonstrated by Helen here.} h3 {Worth a crack} 47. gxh3 $2 (47. Kg3 $1 {
heading for the safe squares, with a draw}) 47... Rh1 $1 {winning} 48. Ra5+ Kb6
49. Rxa2 Rh2+ 50. Kg3 Rxa2 51. Kh4 Kc6 52. Kh5 Kd6 53. g5 Ke7 54. h4 Kf7 55.
Kh6 Kg8 56. Kg6 Ra6+ 57. Kf5 Kg7 58. h5 Ra5+ 59. Kg4 Kf7 60. Kf4 Ke6 61. h6
Ra4+ 62. Kg3 Kf5 63. h7 Ra8 64. Kh4 Rh8 65. Kh5 Rxh7# 0-1